| 000 | 00525nam a2200181Ia 4500 | ||
|---|---|---|---|
| 001 | 71645 | ||
| 008 | 160401s9999 xx 000 0 und d | ||
| 020 | _a9781442226500 | ||
| 040 | _cPK-LaUMT | ||
| 082 |
_a 320.973 _bGOI-A |
||
| 100 | _aGoidel, Kirby | ||
| 245 |
_aAmerica's failing experiment _bhow we the people have become the problem _cGoidel, Kirby |
||
| 260 |
_aLanham,UK: _bRowman & Littlefield, _c2014 |
||
| 300 | _a224 p. | ||
| 546 | _aEN | ||
| 650 | _aDemocracy-United States-Citizen participation | ||
| 942 | _cBK | ||
| 999 |
_c84652 _d84652 |
||